000 00905nam a2200289 a 4500
001 69549
003 BD-RjUL
005 20211209081912.0
008 170412r19831982enka 001 0 eng
020 _a0333317688 (pbk.)
020 _a0333185994 (hard)
035 _a(BD-RjUL)69761
040 _aDLC
_cDLC
_dBD-RjUL
_beng
041 _aeng
082 0 0 _a530.12
_223
_bCAB 1983
100 1 _aCassels, J. M.
_9205997
245 1 0 _aBasic quantum mechanics /
_cJ.M. Cassels.
250 _a2nd ed rev.
260 _aLondon :
_bMacmillan ;
_aGreat Neck, N.Y. :
_bDistributed by Scholium International,
_cc1982 [reprinted 1983].
300 _axiii, 205 p. :
_bill. ;
_c22 cm.
500 _aDistributor from label on p. 2 of cover.
500 _aIncludes index.
650 0 _aQuantum theory.
_9205998
650 0 _aParticles (Nuclear physics)
_9205999
942 _2ddc
_cBK
999 _c69549
_d69549